Comentarios a la reforma de la sucesión intestada vía notarial y judicial mediante la Ley N° 32377 (Registro nro. 22231)
[ vista simple ]
| 000 -Cabecera | |
|---|---|
| Campo de control interno | 00899nam a2200241 4500 |
| 001 - Número de control | |
| control field | ESSALUD |
| 007 - Tipo material - Descripcion fisica - info general | |
| Tipo material - Descripcion fisica - info general | ta |
| 008 - Elementos de Longitud Fija - Información General | |
| Elementos de Longitud Fija - Información | t pe ||||| |||| 00| 0 spa d |
| 040 ## - Origen de la Catalogación | |
| Origen de la Catalogación | BMG |
| 041 ## - Idioma | |
| Idioma | spa |
| 100 ## - Autor | |
| Autor | Castañeda Cruzado, Manuel Stefan |
| Rol del Autor | autor |
| 9 (RLIN) | 48375 |
| 245 ## - Titulo | |
| Titulo | Comentarios a la reforma de la sucesión intestada vía notarial y judicial mediante la Ley N° 32377 |
| 300 ## - Páginas | |
| Paginación | páginas 145-152 |
| 650 ## - Temas - Descriptores | |
| Temas - Descriptores | HERENCIA |
| 9 (RLIN) | 1215 |
| 650 ## - Temas - Descriptores | |
| Temas - Descriptores | DERECHO PROCESAL |
| 9 (RLIN) | 3876 |
| 650 ## - Temas - Descriptores | |
| Temas - Descriptores | LEGISLACIÓN |
| 9 (RLIN) | 209 |
| 653 ## - Palabras claves | |
| Palabras claves | SUCESIÓN INTESTADA |
| 653 ## - Palabras claves | |
| Palabras claves | OPOSICIÓN NOTARIAL |
| 653 ## - Palabras claves | |
| Palabras claves | CÓDIGO PROCESAL CIVIL |
| 700 ## - Autor Personal | |
| Autor Personal | Morales Okuyama, Luciana Miyuki |
| Rol del autor | autor |
| 9 (RLIN) | 51633 |
| 773 0# - Revista (Relacion con el numero) | |
| Host Biblionumber | 19945 |
| Host Itemnumber | 22508 |
| Ciudad, Editorial | Lima Gaceta Jurídica Editores, 2013- |
| Codigo barras item/ejemplar | GACIV027 |
| Titulo de la Revista | Gaceta civil & procesal civil : información especializada para abogados y jueces |
| Número de control de registro | ESSALUD |
| ISSN | 2305-3259 |
| 942 ## - Elementos de Koha | |
| Tipo de Documento | Artículos |
| Fecha procesamiento | 2026-02-27 |
| Catalogador | AFC |
No hay ítems disponibles.